00693 2200253 4500001002100000005001500021035002000036007000300056008004100059020002200100082001200122084001800134100002900152245003700181250001100218300002500229650002000254700003400274264004500308336002100353337003000374338002300404990001200427INLIS00000000000061420251014075725 a0010-1025000048ta251014 f ind  a978-602-03-1258-3 a899.221 a899.221 EKA c0 aEka KurniawanePengarang1 aCantik Itu Luka /cEka Kurniawan acet 41 a505 halaman ;c21 cm 4aFiksi Indonesia0 aMirna YulistiantiePenyunting aJakarta :bGramedia Pustaka Utama,c2025 2rdacontentateks 2rdamediaatanpa perantara 2rdacarrieravolume a25.1117